Campeões da Copa do Nordeste - Statistics

Estatísticas Gerais
  • Esse quiz foi jogado 186 vezes
  • A pontuação média é 9 de 9
Estatísticas das Respostas
Ano do(s) título(s) Estado Resposta % Correto
2001, 2002 e 2017 BA Bahia
100%
2019 CE Fortaleza
100%
1994, 2000 e 2014 PE Sport
100%
2015 e 2020 CE Ceará
99%
1997, 1998, 2003 e 2010 BA Vitória
99%
2016 PE Santa Cruz
97%
1998 RN América
91%
2018 MA Sampaio Corrêa
90%
2013 PB Campinense
77%
Nenhum quiz correspondente encontrado
Distribuição das Pontuações
Porcentagem de Pessoas com Cada Pontuação
Percentil de Números Respondidos
Sua Pontuação Histórica
Você não jogou esse quiz